000 00496nam a22001697a 4500
003 OSt
005 20251029093354.0
008 251029b |||||||| |||| 00| 0 eng d
040 _cMRSPTU
041 _aENG
100 _aSatinder Pal Kaur
245 _aSolution of Two-Point Boundary Value Problems Using Quintic Hermite Collocation Method
260 _aBathinda
_bMRSPTU
_c2023
650 _aMathematics
856 _uhttp://163.47.215.52:8080/jspui/handle/123456789/832
942 _2ddc
_cTH
_n0
999 _c10610
_d10610